| 000 | 00637nam a2200205Ia 4500 | ||
|---|---|---|---|
| 005 | 20250508162049.0 | ||
| 008 | 008 250505s9999 xx 000 0 eng d | ||
| 020 | _a91-2200025-9 | ||
| 037 | _aTextual | ||
| 040 |
_aFEDL _beng _cFEDL |
||
| 041 |
_aeng _2eng |
||
| 084 |
_a371.26, VEA _qFEDL |
||
| 100 |
_aPeaker Gilbert F _9772197 |
||
| 245 | 0 | _aEmpirical study of education in twenty-one countries : A technical report | |
| 260 |
_aNew York, USA _bJohn Wiley and Sons _c1975 |
||
| 300 | _a230p. | ||
| 650 |
_aEducational - Test and Measurement _9758070 |
||
| 942 |
_cTEXL _h371.26, VEA |
||
| 999 |
_c1374150 _d1374150 |
||